| 000 | 00999 a2200277 4500 | ||
|---|---|---|---|
| 003 | OSt | ||
| 005 | 20260129110039.0 | ||
| 008 | 120517t xxu||||| |||| 00| 0 eng d | ||
| 020 | _a1875498192 (hardcover) | ||
| 020 | _a9781875498192 (hardcover) | ||
| 040 | _c0 | ||
| 082 | 0 | 4 | _a720.973 |
| 100 | 1 |
_aJahn, Helmut. _932857 |
|
| 245 | 1 | 0 |
_aMurphy/jahn : _bselected and current works / _cHelmut Jahn. |
| 260 |
_aVictoria : _bImages Publishing Group, _c1995. |
||
| 300 |
_a264 p. : _bill.; _c32 cm. |
||
| 490 | 1 | _aThe master architect series , no 8. | |
| 500 | _aIncludes bibliographical refrences and index | ||
| 650 | 0 |
_aArchitecture, American _932858 |
|
| 650 | 0 |
_aArchitects _91632 |
|
| 650 | 0 |
_aArchitecture _zUnited States _932643 |
|
| 830 | 4 |
_aThe master architect series , no 8. _932859 |
|
| 856 | 4 | 0 |
_3Amazon.com _uhttp://www.amazon.com/exec/obidos/ASIN/1875498192/chopaconline-20 |
| 942 |
_aSADA _cBK _k720.973 JAN 1995 _2ddc |
||
| 999 |
_c352541 _d352541 |
||